British Wildlife (Vertebrates) - Statistics

General Stats
  • This quiz has been taken 135 times
  • The average score is 12 of 15
Answer Stats
Picture Answer % Correct
Hedgehog
99%
Red fox
99%
Badger
98%
Hare
97%
Red squirrel
96%
Mole
94%
Common toad
91%
Adder
85%
Red kite
78%
Grass snake
74%
Great crested newt
72%
Slow worm
69%
Buzzard
68%
Pine marten
65%
Dormouse
56%
No matching quizzes found
Score Distribution
Percent of People with Each Score
Percentile by Number Answered
Your Score History
You have not taken this quiz